000 00915nam a22002417a 4500
005 20251108175051.0
008 250721s2011 xx 000 0 ara d
020 _a9953466580
082 1 4 _aم/216.25/ضيا
100 1 _aابن الضياء، بهاء الدين أبو البقاء محمد بن أحمد بن الضياء محمد
245 1 0 _aالبحر العميق في مناسك المعتمر و الحاج إلى البيت العتيق /
264 1 _aبيروت :
_bمؤسسة الريان ناشرون،
_c2011.
300 _a5.ج.
650 1 7 _aالحج
650 1 7 _aالإحرام
650 1 7 _aالأماكن المقدسة
650 1 7 _aزيارة المدينة
650 1 7 _aالسعي بين الصفا و المروة
650 1 7 _aالطواف
700 1 _aمزي، عبد الله نذير أحمد عبد الرحمن
_eمحقق
942 _2ddc
_cREF
999 _c125325
_d125325